000 00475nam a2200181Ia 4500
005 20250508152001.0
008 008 250505s9999 xx 000 0 eng d
037 _aTextual
040 _aFEDL
_beng
_cFEDL
041 _aeng
_2eng
084 _a920, LEV
_qFEDL
100 _aLevey Michael
_9630914
245 0 _aSix great painters
260 _aLondon, UK
_bHamish Hamilton
_c1956
300 _a208p.
942 _cTEXL
_h920, LEV
999 _c1333381
_d1333381